Reforma y privatización en el sector transporte (Registro nro. 16583)
[ vista simple ]
| 000 -LEADER | |
|---|---|
| fixed length control field | 00345 a2200109 4500 |
| 001 - CONTROL NUMBER | |
| control field | ART_3652 |
| 005 - DATE AND TIME OF LATEST TRANSACTION | |
| control field | 20260410161717.0 |
| 008 - FIXED-LENGTH DATA ELEMENTS--GENERAL INFORMATION | |
| fixed length control field | 260409a |
| 100 1# - MAIN ENTRY--PERSONAL NAME | |
| Personal name | Müller, Alberto E.G. |
| 245 10 - TITLE STATEMENT | |
| Title | Reforma y privatización en el sector transporte |
| 773 0# - HOST ITEM ENTRY | |
| Title | Desarrollo económico |
| Related parts | - Vol. 44, Nº 173 (abr./jun. 2004) |
| Record control number | REV1174 |
No hay ítems disponibles.